<?xml version="1.0" encoding="UTF-8"?>
<record
    xmlns:xsi="http://www.w3.org/2001/XMLSchema-instance"
    xsi:schemaLocation="http://www.loc.gov/MARC21/slim http://www.loc.gov/standards/marcxml/schema/MARC21slim.xsd"
    xmlns="http://www.loc.gov/MARC21/slim">

  <leader>01269    a2200205   4500</leader>
  <controlfield tag="001">36636</controlfield>
  <controlfield tag="005">20260407155640.0</controlfield>
  <controlfield tag="008">260407a1999    arg                 spa d</controlfield>
  <controlfield tag="003">AR-UNSa-BCEJYS</controlfield>
  <datafield tag="040" ind1=" " ind2=" ">
    <subfield code="a">AR-UNSa-BCEJYS</subfield>
    <subfield code="b">spa</subfield>
    <subfield code="c">AR-UNSa-BCEJYS</subfield>
  </datafield>
  <datafield tag="080" ind1=" " ind2=" ">
    <subfield code="a">336.1</subfield>
    <subfield code="x">Finanzas P&#xFA;blicas. Finanzas del gobierno en general
 
</subfield>
  </datafield>
  <datafield tag="245" ind1="1" ind2="0">
    <subfield code="a">Descentralizaci&#xF3;n estatal y decisionismo fiscal</subfield>
    <subfield code="p">enfoque cr&#xED;tico y propuestas a partir de la experiencia Argentina. 1960-1990</subfield>
  </datafield>
  <datafield tag="264" ind1=" " ind2="1">
    <subfield code="a">Santa Fe :</subfield>
    <subfield code="b">Universidad Nacional del Litoral</subfield>
    <subfield code="c">1999</subfield>
  </datafield>
  <datafield tag="300" ind1=" " ind2=" ">
    <subfield code="a">66 p.</subfield>
    <subfield code="c">25 cm.</subfield>
  </datafield>
  <datafield tag="505" ind1=" " ind2=" ">
    <subfield code="a">1. Las vertientes discursivas de la descentralizaci&#xF3;n estatal y la presencia estrat&#xE9;gica de la dimensi&#xF3;n fiscla. Ambiguedades y l&#xED;mites en la vertiente discursiva dominante de la descentralizaci&#xF3;n fiscal - 2. Concentraci&#xF3;n, desconcentraci&#xF3;n y descentralizaci&#xF3;n estatal. An&#xE1;lisis de las relaciones interjurisdiccionales en el caso argentino (1960-1990) desde el decisionismo fiscal - 3. Desde los l&#xED;mites de la vertiente discursiva dominante de la descentralizaci&#xF3;n estatal-fiscal a la formulaci&#xF3;n de una alternativa. Explorando los caminos de la doble v&#xED;a</subfield>
  </datafield>
  <datafield tag="041" ind1=" " ind2=" ">
    <subfield code="a">spa</subfield>
  </datafield>
  <datafield tag="942" ind1=" " ind2=" ">
    <subfield code="c">BK</subfield>
  </datafield>
  <datafield tag="590" ind1=" " ind2=" ">
    <subfield code="a">niveau_biblio:m niveau_hierar:0</subfield>
  </datafield>
  <datafield tag="100" ind1="1" ind2=" ">
    <subfield code="a">Fern&#xE1;ndez, V&#xED;ctor Ramiro</subfield>
  </datafield>
  <datafield tag="999" ind1=" " ind2=" ">
    <subfield code="c">2671</subfield>
    <subfield code="d">2671</subfield>
  </datafield>
  <datafield tag="952" ind1=" " ind2=" ">
    <subfield code="0">0</subfield>
    <subfield code="1">0</subfield>
    <subfield code="4">0</subfield>
    <subfield code="7">0</subfield>
    <subfield code="a">BCEJYS</subfield>
    <subfield code="b">BCEJYS</subfield>
    <subfield code="c">16</subfield>
    <subfield code="d">2026-04-07</subfield>
    <subfield code="l">0</subfield>
    <subfield code="o">336.1 F362</subfield>
    <subfield code="p">L125300</subfield>
    <subfield code="r">2026-04-07 15:56:40</subfield>
    <subfield code="w">2026-04-07</subfield>
    <subfield code="y">L</subfield>
  </datafield>
</record>
